| 000 | 01477nam0a2200361 4500 | ||
|---|---|---|---|
| 001 | RU\NLR\bibl\544143 | ||
| 005 | 20250609154659.0 | ||
| 010 |
_a5-93310-044-7 _9500 |
||
| 021 |
_aRU _b2004-9753 _9507 |
||
| 035 | _a(NLR Aleph) 000536370 | ||
| 090 |
_a1385240 _c1385240 |
||
| 100 | _a20040810d2002 |||y0rusy50 ca | ||
| 101 | 0 | _arus | |
| 102 | _aRU | ||
| 105 | _aa ||||||||| | ||
| 200 | 1 |
_aИнженерные системы и оптимизация водопользования _eСб. ст. _f[Под ред. д.т.н., проф. Е.И. Пупырева] |
|
| 210 |
_aМ. _cИзд-во Прима-Пресс-М _cН.В. Ефимова _d2002 |
||
| 215 |
_a153 с., [2] л. цв. ил. _cил. _d29 |
||
| 225 | 1 |
_aПроекты развития инфраструктуры города _vВып. 2 |
|
| 320 | _aБиблиогр. в конце ст. | ||
| 606 | 0 |
_aГорода _jСборники _xИнфраструктура _91468390 _3RU\NLR\auth\66314307 |
|
| 606 | 0 |
_aГорода _jСборники _xВодоснабжение _92315080 _3RU\NLR\auth\661385312 |
|
| 606 | 0 |
_aСанитарно-технические системы _jСборники _91550343 _3RU\NLR\auth\66977870 |
|
| 686 | _aУ44(2)1я43 | ||
| 686 | _aУ44(2)135.22я43 | ||
| 686 | _aН761я43 | ||
| 702 | 1 |
_aПупырев _bЕ. И. _4340 |
|
| 801 | 0 |
_aRU _bNLR _c20040810 _gPSBO |
|
| 801 | 1 |
_aRU _bNLR _c20040810 |
|
| 852 |
_aNLR _jП23/5434 |
||
| 942 | _cBOOK | ||
| 980 | _aNB | ||